[Event "Challenge"]
[Site "http://www.queenalice.com/game.php?id=78242"]
[Date "2006.6.19"]
[Round "-"]
[White "Batoteiro"]
[Black "claubenetti"]
[Result "0-1"]
[WhiteElo "1006"]
[BlackElo "1258"]

1. d4 d5 2. Nc3 e6 3. Nf3 c5 4. dxc5 Bxc5 5. Be3 Bb4 6. Bd4 Nf6 7. a3 Ba5 8. h4
O-O 9. b4 Bc7 10. Ne5 Nc6 11. Nxc6 bxc6 12. f4 Bxf4 13. e3 Bg3+ 14. Ke2 Ng4 15.
Kf3 Nf2 16. Kxg3 Nxd1 17. Nxd1 Qc7+ 18. Kf3 e5 19. Bc5 e4+ 20. Ke2 Bg4+ 21. Ke1
a5 22. Bxf8 Kxf8 23. Nf2 Qg3 24. Rb1 axb4 25. axb4 Qxe3+ 26. Be2 Qxe2# 0-1

[Event "Let's Play Chess!"]
[Site "http://www.queenalice.com/game.php?id=80986"]
[Date "2006.6.29"]
[Round "-"]
[White "mds"]
[Black "claubenetti"]
[Result "1-0"]
[WhiteElo "1974"]
[BlackElo "1371"]

1. d4 d5 2. Nc3 Nc6 3. Bf4 Nf6 4. Nb5 e5 5. dxe5 a6 6. Nc3 d4 7. exf6 dxc3 8.
Qxd8+ Nxd8 9. fxg7 Bxg7 10. b3 Ne6 11. Be3 Bd7 12. O-O-O O-O-O 13. Nf3 Bb5 14.
a4 Bc6 15. Ng5 Rxd1+ 16. Kxd1 Nd8 17. Rg1 h6 18. Nf3 Rg8 19. g3 Bxf3 20. exf3
Nc6 21. Bh3+ Kb8 22. Ke2 Nb4 23. Bf5 Rd8 24. Rd1 Re8 25. Rd7 Bd4 26. Rxd4 c5 27.
Rd7 f6 28. Kd1 Nc6 29. f4 Nd4 30. Bxd4 cxd4 31. Rxd4 b5 32. axb5 axb5 33. Rb4
Rd8+ 34. Bd3 Kc7 35. Rxb5 Kc6 36. Rb4 Kc5 37. Rc4+ Kb5 38. Rxc3+ Kb4 39. Kd2 Ka3
40. Rc6 Rf8 41. g4 Rg8 42. h3 h5 43. gxh5 f5 44. Kc3 Rg2 45. Ra6# 1-0

[Event "Let's Play Chess!"]
[Site "http://www.queenalice.com/game.php?id=80988"]
[Date "2006.6.29"]
[Round "-"]
[White "claubenetti"]
[Black "mds"]
[Result "0-1"]
[WhiteElo "1362"]
[BlackElo "2085"]

1. d4 Nf6 2. Nc3 d5 3. Bg5 Bf5 4. Bxf6 exf6 5. e3 c6 6. Bd3 Bg6 7. f4 f5 8. Nf3
Nd7 9. Qe2 Nf6 10. Ne5 Ne4 11. O-O f6 12. Nxg6 hxg6 13. a3 Bd6 14. Qe1 Qc7 15.
Ne2 g5 16. g3 g6 17. c3 Qh7 18. h4 gxh4 19. gxh4 Qxh4 20. Qxh4 Rxh4 21. Bxe4
fxe4 22. Kf2 Kf7 23. Ke1 Rh3 24. Kd2 Rah8 25. Rf2 f5 26. Kc2 Rxe3 27. Re1 Rhh3
28. Rg1 Ref3 29. Rfg2 Rh6 30. Rg3 Rf2 31. Kd1 Bxf4 32. Nxf4 Rxf4 33. R1g2 Rf1+
34. Ke2 Rb1 35. Ke3 Rbh1 36. Kf4 Kf6 37. a4 Ra1 38. b3 Ra3 39. Rb2 g5+ 40. Rxg5
Rh4+ 41. Rg4 Rxg4+ 42. Ke3 f4+ 43. Kf2 Kf5 44. c4 dxc4 45. bxc4 Rf3+ 46. Ke1
Rg1+ 47. Kd2 Rg2+ 48. Kc1 Rc3+ 49. Kb1 Rxb2+ 50. Kxb2 Rxc4 51. Kb3 Rxd4 52. a5
f3 0-1

[Event "Let's Play Chess!"]
[Site "http://www.queenalice.com/game.php?id=80995"]
[Date "2006.6.29"]
[Round "-"]
[White "Moe"]
[Black "claubenetti"]
[Result "0-1"]
[WhiteElo "1844"]
[BlackElo "1358"]

1. e4 e5 2. Bc4 Nf6 3. Nc3 Bb4 4. a3 Bxc3 5. dxc3 d6 6. Bg5 Nbd7 7. Nf3 h6 8.
Bh4 g5 9. Bg3 Nxe4 10. Qd5 Rf8 11. Qxe4 f5 12. Qd3 Nb6 13. h3 e4 14. Bb5+ Bd7
15. Bxd7+ Qxd7 16. Qe2 O-O-O 17. Nd2 Rde8 18. O-O-O f4 19. Bh2 e3 20. fxe3 Rxe3
21. Qg4 Rf5 22. Rde1 Rfe5 23. Qxd7+ Kxd7 24. Nf3 Re6 25. Rxe3 Rxe3 26. Re1 Nc4
27. Rxe3 Nxe3 28. Ne1 c5 29. b3 b5 30. Bg1 Nf5 31. Nd3 a6 32. Nf2 h5 33. Ne4 Nh4
34. Nxg5 Nxg2 35. Bf2 Kc6 36. Nf3 Kd5 37. Kd2 Ke4 38. Ke2 Ne3 39. Bxe3 fxe3 40.
Ne1 d5 41. Nd3 b4 42. Nxc5+ Kf4 43. axb4 Kg3 44. Kxe3 Kxh3 0-1

[Event "Let's Play Chess!"]
[Site "http://www.queenalice.com/game.php?id=80996"]
[Date "2006.6.29"]
[Round "-"]
[White "claubenetti"]
[Black "chess99"]
[Result "0-1"]
[WhiteElo "1358"]
[BlackElo "2011"]

1. e4 e6 2. c4 d5 3. cxd5 exd5 4. Qa4+ Nd7 5. exd5 Nf6 6. Nc3 Bd6 7. Be2 O-O 8.
d3 Re8 9. Nf3 Nb6 10. Qb3 Nbxd5 11. Nxd5 Nxd5 12. Qxd5 Bb4+ 13. Bd2 Bxd2+ 14.
Nxd2 Qxd5 15. Ne4 f5 16. O-O fxe4 17. Rad1 Qxa2 18. Rd2 Bf5 19. dxe4 Bxe4 20. f3
Bc6 21. Rc2 Rxe2 22. Rxe2 Bb5 23. Ref2 Bxf1 24. Rxf1 Rd8 25. h3 Qxb2 26. Kh2 Rd2
27. Rg1 Qe5+ 28. Kh1 Qg3 29. f4 a5 30. f5 Kf7 0-1

[Event "Let's Play Chess!"]
[Site "http://www.queenalice.com/game.php?id=81296"]
[Date "2006.6.30"]
[Round "-"]
[White "umbenetti"]
[Black "claubenetti"]
[Result "1-0"]
[WhiteElo "2183"]
[BlackElo "1362"]

1. d4 d5 2. c4 c6 3. Nc3 Bf5 4. Qb3 b6 5. cxd5 cxd5 6. Qxd5 Qxd5 7. Nxd5 Na6 8.
Nf3 e6 9. e4 Bxe4 10. Bb5+ Kd8 11. Ne5 Bg6 12. Nc6+ Kd7 13. Nxa7+ Kd6 14. Bf4+
Kxd5 15. Bc6+ Kxd4 16. Nb5+ Kc4 17. Rc1+ Kd3 18. Rc3# 1-0

[Event "Challenge"]
[Site "http://www.queenalice.com/game.php?id=81572"]
[Date "2006.7.1"]
[Round "-"]
[White "claubenetti"]
[Black "bloodrayne"]
[Result "0-1"]
[WhiteElo "1394"]
[BlackElo "1920"]

1. Nf3 e5 2. Nxe5 Qf6 3. d4 d6 4. Nf3 Bg4 5. Bg5 Qg6 6. Nbd2 h6 7. Bh4 Be7 8. h3
Bxf3 9. Nxf3 Nf6 10. d5 O-O 11. e3 Re8 12. g4 c6 13. Bd3 Ne4 14. c4 Bxh4 15.
Nxh4 Qf6 16. Nf3 Nc5 17. Be2 Nbd7 18. dxc6 bxc6 19. Qc2 Ne4 20. Rh2 a5 21. Nd2
Ndc5 22. Bf3 Nxd2 23. Bxc6 Nf3+ 24. Bxf3 Qxf3 25. Qd2 Re6 26. Rc1 Rb8 27. Rb1
Rbe8 28. Qe2 Rxe3 29. fxe3 Rxe3 30. Rf2 Rxe2+ 31. Rxe2 Qh1+ 32. Kd2 Qxb1 33.
Re8+ Kh7 34. Rd8 Qd3+ 35. Ke1 Ne4 36. Re8 Qd2+ 0-1

[Event "AUTO-ADV-204"]
[Site "http://www.queenalice.com/game.php?id=85946"]
[Date "2006.7.14"]
[Round "1"]
[White "serginh0w"]
[Black "claubenetti"]
[Result "1-0"]
[WhiteElo "1804"]
[BlackElo "1359"]

1. d4 d5 2. c4 Nf6 3. Bg5 Ne4 4. Bh4 g5 5. Bg3 Nxg3 6. hxg3 e6 7. Nc3 dxc4 8. e4
Bg7 9. e5 Bd7 10. Bxc4 Bc6 11. Nf3 Qe7 12. Qd3 Nd7 13. O-O-O O-O-O 14. Rxh7 Bxf3
15. gxf3 Bxe5 16. Rxh8 Bxh8 17. Re1 e5 18. Qf5 Bf6 19. Nd5 Qe6 20. Qxe6 fxe6 21.
Nxf6 Nf8 22. dxe5 Kb8 23. Re4 a6 24. Rg4 b5 25. Bb3 Rd3 26. Rxg5 Rxf3 27. Rg8
1-0

[Event "AUTO-ADV-204"]
[Site "http://www.queenalice.com/game.php?id=85947"]
[Date "2006.7.14"]
[Round "1"]
[White "claubenetti"]
[Black "serginh0w"]
[Result "0-1"]
[WhiteElo "1359"]
[BlackElo "1806"]

1. e4 e5 2. Qh5 Nc6 3. Bc4 g6 4. Qe2 Bg7 5. Nf3 d6 6. h3 Qf6 7. d3 h6 8. Bd5
Nge7 9. Bb3 O-O 10. O-O Na5 11. Ba4 Be6 12. Bd2 Nac6 13. Bc3 Rfd8 14. Nbd2 a6
15. Bb3 Kh7 16. Nh2 d5 17. Bxd5 Bxd5 18. exd5 Nxd5 19. Ng4 Qg5 20. Ne4 Qh4 21.
Be1 Qe7 22. c3 Nf4 23. Qe3 Rxd3 24. Qc5 Rad8 25. Qxe7 Nxe7 26. f3 Ng8 0-1

[Event "AUTO-ADV-204"]
[Site "http://www.queenalice.com/game.php?id=85962"]
[Date "2006.7.14"]
[Round "1"]
[White "K19"]
[Black "claubenetti"]
[Result "1-0"]
[WhiteElo "1625"]
[BlackElo "1371"]

1. e4 e5 2. Nf3 Nc6 3. Bc4 Nf6 4. O-O Nxe4 5. Re1 d5 6. Bb5 Qd6 7. Bxc6+ Qxc6 8.
Nxe5 Qf6 9. Nf3 Bg4 10. d3 Bxf3 11. Qxf3 O-O-O 12. dxe4 Qd4 13. exd5 f6 14. Nc3
Bb4 15. Be3 Qc4 16. Bxa7 b6 17. Re4 Qc5 18. Qg4+ Rd7 19. Rxb4 Re8 20. Bxb6 1-0

[Event "AUTO-ADV-204"]
[Site "http://www.queenalice.com/game.php?id=85963"]
[Date "2006.7.14"]
[Round "1"]
[White "claubenetti"]
[Black "K19"]
[Result "0-1"]
[WhiteElo "1365"]
[BlackElo "1631"]

1. e4 c5 2. Bc4 Nc6 3. Qf3 e6 4. d3 Nd4 5. Qd1 d5 6. exd5 exd5 7. c3 dxc4 8.
cxd4 cxd3 9. Qxd3 Nf6 10. Nf3 Be7 11. O-O O-O 12. Bg5 h6 13. Bh4 Re8 14. Nc3
cxd4 15. Nxd4 Bc5 16. Rad1 Bg4 17. f3 Bf5 18. Qxf5 Bxd4+ 0-1

[Event "AUTO-ADV-204"]
[Site "http://www.queenalice.com/game.php?id=85972"]
[Date "2006.7.14"]
[Round "1"]
[White "adilson_camargo"]
[Black "claubenetti"]
[Result "0-1"]
[WhiteElo "1124"]
[BlackElo "1359"]

1. d4 d5 2. c4 e6 3. e3 Bb4+ 4. Nc3 Bxc3+ 5. bxc3 b6 6. cxd5 exd5 7. Ba3 Bd7 8.
Qb3 Nf6 9. Nf3 h6 10. Bb5 c6 11. Bd3 c5 12. Bb5 O-O 13. dxc5 Be6 14. Nd4 Qc8 15.
cxb6 Rd8 16. Be7 axb6 17. Bxd8 Qxd8 18. Nxe6 fxe6 19. O-O Nbd7 20. Bxd7 Qxd7 21.
Qxb6 Qc8 22. Rfc1 Ra6 23. Qd4 Ne4 24. f3 Nd6 25. a4 Nf5 26. Qe5 Qc4 27. Qb8+ Kh7
28. Qb5 Qc8 29. Qd3 Kg8 30. e4 Ne7 31. e5 Qc5+ 32. Kh1 Ra8 33. Qb5 Qc7 34. f4
Ng6 35. g3 Ne7 36. c4 Rb8 0-1

[Event "AUTO-ADV-204"]
[Site "http://www.queenalice.com/game.php?id=85973"]
[Date "2006.7.14"]
[Round "1"]
[White "claubenetti"]
[Black "adilson_camargo"]
[Result "1-0"]
[WhiteElo "1365"]
[BlackElo "1124"]

1. e4 e5 2. Bc4 Nf6 3. d3 Bc5 4. Bg5 O-O 5. Nf3 h6 6. Bh4 d6 7. h3 Nc6 8. O-O a6
9. Nc3 Be6 10. Bxe6 fxe6 11. a3 Qd7 12. b4 Ba7 13. Ne2 d5 14. d4 dxe4 15. Nxe5
Nxe5 16. dxe5 Qxd1 17. Raxd1 Nd5 18. c4 Nb6 19. c5 Nd5 20. Rd4 e3 21. Re4 exf2+
22. Rxf2 b6 23. Kh1 bxc5 24. bxc5 Bxc5 25. Rxf8+ Rxf8 26. Ra4 Ra8 27. Ra5 Bb6
28. Ra4 Ne3 29. Bf2 Nf5 30. Bg1 a5 31. Bxb6 cxb6 32. Nc3 Ne3 33. Nb5 Rc8 34. Re4
Nd5 35. Nd6 Rf8 36. Kh2 g6 37. g4 1-0

[Event "AUTO-OPEN-360"]
[Site "http://www.queenalice.com/game.php?id=96632"]
[Date "2006.8.17"]
[Round "1"]
[White "jaychess"]
[Black "claubenetti"]
[Result "1-0"]
[WhiteElo "1642"]
[BlackElo "1386"]

1. e4 e5 2. Nf3 Nc6 3. Bc4 Bb4 4. Nc3 h6 5. a3 Ba5 6. d3 d6 7. Bd2 Bg4 8. h3 Bh5
9. O-O Nd4 10. Nxd4 Bxd1 11. Raxd1 exd4 12. Nb1 Bb6 13. Rfe1 Qf6 14. Re2 O-O-O
15. f4 Re8 16. Rde1 Qh4 17. Bxf7 Rf8 18. Be6+ Kb8 19. Bxg8 Rhxg8 20. b4 g5 21.
fxg5 hxg5 22. Rf1 1-0

[Event "AUTO-OPEN-360"]
[Site "http://www.queenalice.com/game.php?id=96633"]
[Date "2006.8.17"]
[Round "1"]
[White "claubenetti"]
[Black "jaychess"]
[Result "0-1"]
[WhiteElo "1394"]
[BlackElo "1636"]

1. d4 d5 2. Bg5 Nc6 3. e3 Bf5 4. Bb5 a6 5. Bd3 Bxd3 6. Qxd3 Nb4 7. Qb3 a5 8. a3
h6 9. Bh4 g5 10. Bg3 e6 11. Nf3 Qb8 12. axb4 axb4 13. Rxa8 Qxa8 14. O-O c6 15.
c3 bxc3 16. bxc3 Nf6 17. Be5 Bg7 18. Bd6 Qd8 19. Bc5 b5 20. Nbd2 Qa5 21. Ne5 Qc7
0-1

[Event "AUTO-OPEN-360"]
[Site "http://www.queenalice.com/game.php?id=96660"]
[Date "2006.8.17"]
[Round "1"]
[White "claubenetti"]
[Black "SPFC"]
[Result "0-1"]
[WhiteElo "1368"]
[BlackElo "1560"]

1. e4 e5 2. Nf3 Nc6 3. d4 d6 4. d5 Nce7 5. Bc4 h6 6. Nc3 a6 7. a3 Ng6 8. h4 Bg4
9. g3 Qf6 10. Be2 Bxf3 11. Bxf3 O-O-O 12. Be3 Kb8 13. Qe2 Rh7 14. O-O-O Qe7 15.
Bg4 Nf6 16. Bf3 Nd7 17. Kb1 Nb6 18. Bxb6 cxb6 19. h5 Nh8 0-1

[Event "AUTO-OPEN-360"]
[Site "http://www.queenalice.com/game.php?id=96661"]
[Date "2006.8.17"]
[Round "1"]
[White "SPFC"]
[Black "claubenetti"]
[Result "1-0"]
[WhiteElo "1551"]
[BlackElo "1379"]

1. e4 e5 2. Nf3 Nc6 3. d4 exd4 4. Nxd4 Ne5 5. Bf4 Ng6 6. Qf3 d6 7. Bd3 Ne5 8.
Bxe5 dxe5 9. Bc4 Nf6 10. Bb5+ Bd7 11. Bxd7+ Qxd7 12. Nf5 O-O-O 13. O-O Qb5 14.
b3 g6 15. Ng3 Qc6 16. Nc3 Bb4 17. Nb5 Nxe4 18. Nxa7+ Kb8 19. Nxc6+ bxc6 20. Qxe4
Bd6 21. Qxc6 1-0

[Event "AUTO-OPEN-360"]
[Site "http://www.queenalice.com/game.php?id=96662"]
[Date "2006.8.17"]
[Round "1"]
[White "claubenetti"]
[Black "johntelker"]
[Result "0-1"]
[WhiteElo "1394"]
[BlackElo "1831"]

1. e4 c5 2. Bc4 d6 3. Qh5 e6 4. d3 Nf6 5. Qe2 Nc6 6. Nf3 Be7 7. Nc3 a6 8. Be3 b5
9. Bb3 Bb7 10. a3 Qc7 11. O-O O-O 12. Ba2 Rab8 13. Bf4 Ba8 14. Rae1 Qb6 15. Be3
a5 16. e5 Nd7 17. exd6 Bxd6 18. g3 b4 19. Na4 Qc7 20. Ng5 Nd8 21. Qg4 Bd5 22.
Bxd5 exd5 23. Qh4 h6 24. Nf3 d4 25. Bd2 Nf6 26. Bxh6 gxh6 27. Qxf6 Kh7 28. Re4
Rg8 29. Ne5 Bxe5 30. Rxe5 Ne6 31. Rh5 Rg6 32. Qf3 Re8 33. axb4 axb4 34. b3 Ng5
35. Qf5 Re5 36. Qf4 f6 37. Qd2 Nf3+ 0-1

[Event "AUTO-OPEN-360"]
[Site "http://www.queenalice.com/game.php?id=96663"]
[Date "2006.8.17"]
[Round "1"]
[White "johntelker"]
[Black "claubenetti"]
[Result "0-1"]
[WhiteElo "1538"]
[BlackElo "1358"]

1. c4 d5 2. cxd5 Qxd5 3. Nc3 Qa5 4. a3 Nf6 5. Nf3 Bf5 6. b4 Qb6 7. Bb2 Ng4 8. e3
e6 9. Be2 Bd6 10. Na4 Qc6 11. Bxg7 Rg8 12. Bb2 a6 13. h3 Bc2 14. Qc1 Qxa4 15.
hxg4 Nd7 16. Nd4 Be4 17. f3 Bg3+ 18. Kf1 Bg6 19. f4 Be4 20. Rh3 e5 21. Rxg3 exd4
22. Bxd4 O-O-O 23. Qc4 b6 24. Qxa6+ Qxa6 25. Bxa6+ Kb8 26. g5 f6 27. Rh3 fxg5
28. d3 Bf5 29. Rxh7 Bxh7 30. f5 Bxf5 31. Bc4 Rg6 32. Re1 Be6 0-1